Pays Du Monde - Statistiques

Statistiques générales
  • Ce quiz a été pris 71 fois
  • Le résultat moyen est 93 sur 192
Réponses sur la Carte
Les réponses sont colorées sur une échelle allant du rouge au vert en fonction du pourcentage des utilisateurs qui les ont devinées à leur premier essai. Vous pouvez retrouver ces pourcentages ci-dessous.
 
Statistiques - réponses
Réponse % Correct
Afrique du Sud
100%
Allemagne
86%
Algérie
83%
Australie
74%
Argentine
71%
Albanie
69%
Andorre
69%
Brésil
67%
Canada
67%
États-Unis
67%
Afghanistan
64%
Arabie saoudite
64%
Belgique
64%
Autriche
62%
Bahamas
62%
Chili
62%
Chine
62%
Danemark
62%
Égypte
62%
Espagne
62%
France
62%
Azerbaïdjan
60%
Bélarus
60%
Bhoutan
60%
Bosnie-Herzégovine
60%
Bulgarie
60%
Cameroun
60%
Colombie
60%
Corée du Nord
60%
Corée du Sud
60%
Croatie
60%
Émirats arabes unis
60%
Finlande
60%
Bélize
57%
Bénin
57%
Birmanie
57%
Botswana
57%
Burkina Faso
57%
Burundi
57%
Chypre
57%
Costa Rica
57%
Côte d’Ivoire
57%
Cuba
57%
Djibouti
57%
Équateur
57%
Érythrée
57%
Estonie
57%
Éthiopie
57%
Arménie
55%
Bangladesh
55%
Barbade
55%
Bolivie
55%
Comores
55%
Dominique
55%
Gabon
55%
Grèce
55%
Bahreïn
52%
Brunéi Darussalam
52%
Gambie
52%
Géorgie
52%
Grenade
52%
Guatemala
52%
Guinée
52%
Mexique
52%
Fidji
50%
Ghana
50%
Inde
50%
Irlande
50%
Islande
50%
Italie
50%
Malte
50%
Maroc
50%
Mauritanie
50%
Pays-Bas
50%
Pérou
50%
Pologne
50%
Portugal
50%
Suède
50%
Suisse
50%
Tunisie
50%
Guinée équatoriale
48%
Indonésie
48%
Israël
48%
Japon
48%
Kenya
48%
Luxembourg
48%
Madagascar
48%
Maldives
48%
Mali
48%
Norvège
48%
Qatar
48%
République démocratique du Congo
48%
République tchèque
48%
Tanzanie
48%
Tchad
48%
Thaïlande
48%
Ukraine
48%
Angola
45%
Iran
45%
Iraq
45%
Jamaïque
45%
Jordanie
45%
Lesotho
45%
Lettonie
45%
Libye
45%
Malaisie
45%
Malawi
45%
Micronésie
45%
Moldavie
45%
Monaco
45%
Monténégro
45%
Mozambique
45%
Namibie
45%
Nauru
45%
Népal
45%
Nicaragua
45%
Niger
45%
Nigéria
45%
Nouvelle-Zélande
45%
Oman
45%
Ouganda
45%
Ouzbékistan
45%
Pakistan
45%
Palaos
45%
Panamá
45%
Papouasie-Nouvelle-Guinée
45%
Paraguay
45%
Philippines
45%
République centrafricaine
45%
République dominicaine
45%
Roumanie
45%
Russie
45%
Suriname
45%
Syrie
45%
Tadjikistan
45%
Taïwan
45%
Timor-Oriental
45%
Togo
45%
Tonga
45%
Trinité-et-Tobago
45%
Venezuela
45%
Kazakhstan
43%
Kirghizistan
43%
Koweït
43%
Laos
43%
Liban
43%
Libéria
43%
Liechtenstein
43%
Lituanie
43%
Rwanda
43%
Saint-Kitts-et-Nevis
43%
Soudan
43%
Soudan du Sud
43%
Sri Lanka
43%
Swaziland
43%
Tuvalu
43%
Vanuatu
43%
Vietnam
43%
Kosovo
40%
Macédoine
40%
Turkménistan
40%
Uruguay
40%
Yémen
40%
Zambie
40%
Zimbabwe
40%
Haïti
38%
Honduras
38%
Île Maurice
38%
Îles Marshall
38%
Sao Tomé-et-Principe
38%
Somalie
38%
Hongrie
36%
Saint-Marin
36%
Sénégal
36%
Serbie
36%
Seychelles
36%
Sierra Leone
36%
Singapour
36%
Slovaquie
36%
Slovénie
36%
Congo
33%
Îles Salomon
33%
Saint-Siège
31%
Turquie
31%
Guyana
29%
Kiribati
29%
Guinée-Bissau
17%
Samoa
17%
Salvador
14%
Saint-Vincent-et-les Grenadines
10%
Angleterre
7%
Sainte-Lucie
2%
Aucun quiz correspondant
Distribution des résultats
% des personnes avec chaque résultat
Percentile par nombre de réponses
Votre historique - résultats
Vous n’avez pas pris ce quiz